LEADER 01118nam a2200253 i 4500 001 000000245247 003 CaOOAMICUS 005 20150930000000.0 008 150930s1917 it u000 u ita u 013 $a224152 040 $aSeMil$bita 100 1 $aPsichari, Ernesto.$0(OLS)http://semarc/name/20847 245 13$aIl viaggio del Centurione :$bromanzo /$cErnesto Psichari ; prefazione di Paolo Bourget ; versione di Leopoldo Cassis sulla 32. ediz. francese. 260 $aMantova :$bTipografia Industriale Mantovana,$cstampa 1917. 300 $a229 p. ;$c19 cm. 500 $aFondo card. Giovanni Colombo. 700 1 $aBourget, Paul,$d<1852-1935>.$0(OLS)http://semarc/name/8631 700 1 $aCassis, Leopoldo,$d<1878-1952>.$0(OLS)http://semarc/name/20848 850 $aSeMil 852 $aSeMil$W1$xVenegono$y1$m3GC II 378$j195593$B195593$CSeMilBibl$Z2$F206275 $8B 941 1 $a3 961 $aLascito: Colombo Card. Giovanni 996 $6245$aIl viaggio del Centurione :$bromanzo$9(OLS)http://semarc/title/346978 996 $6260$aMantova :$bTipografia Industriale Mantovana$9(OLS)http://semarc/publisher/41629 LEADER 01129nam a2200229 i 4500 001 000000011959 003 CaOOAMICUS 005 20180830125441.0 008 180830s1960 it u000 u ita u 040 $aSeMil$bita 100 1 $aQuasten, Johannes <1900-1987>.$0(OLS)http://semarc/name/3355 245 10$aPatrology /$cby Johannes Quasten. 260 $aWestminster (Maryland) :$bNewman Press,$c1960-1962. 260 $aUtrecht :$bSpectrum,$c1960-1962. 300 $a3 v. ;$c22 cm. 650 4$aPatrologia - Manuali.$0(OLS)http://semarc/subject/1933 774 0 $aQuasten, Johannes <1900-1987>$tBeginnings of Patristic Literature.$gVol.1$w()128603 774 0 $aQuasten, Johannes <1900-1987>$tAnte-Nicene Literature after Irenaeus.$gVol.2$w()128609 774 0 $aQuasten, Johannes <1900-1987>$tGolden Age of Greek Patristic Literature From the Council of Nicaea to the Council of Chalcedon.$gVol.3$w()128613 996 $6245$aPatrology$9(OLS)http://semarc/title/15853 996 $6260$aUtrecht :$bSpectrum$9(OLS)http://semarc/publisher/33290 996 $6260$aWestminster (Maryland) :$bNewman Press$9(OLS)http://semarc/publisher/33291